00000000cam 2200000zi 4500
0019.954436
003CaOODSP
00520260528142454
006m     o  d f      
007cr cn|||||||||
008250825t20252025onca    os   f000 0 fre d
020 |a9780660786223
040 |aCaOODSP|bfre|erda|cCaOODSP
043 |an-cn---
045 |ay0y2
0861 |aT94-60/1-2025F-PDF
24500|aInstantané de données sur l'itinérance : |bmise à jour de l'Étude nationale sur les refuges de 2024.
264 1|aOttawa (Ontario) : |bLogement, infrastructures et collectivités Canada, |c[2025]
264 4|c©2025
300 |a1 ressource en ligne (14 pages non numérotées) : |billustrations en couleur
336 |atexte|btxt|2rdacontent/fre
337 |ainformatique|bc|2rdamedia/fre
338 |aressource en ligne|bcr|2rdacarrier/fre
500 |aPublié aussi en anglais sous le titre : Homelessness data snapshot: the National Shelter Study 2024 update.
520 |a« L'Étude nationale sur les refuges est une analyse continue des tendances de l'utilisation des refuges par les personnes en situation d'itinérance au Canada. Le présent rapport fait le point sur les tendances observées en 2024. L'analyse susmentionnée couvre la période de 2005 à 2024 en s'appuyant sur les données recueillies à partir : du Système d'information sur les personnes et les familles sans abri (SISA); des partenaires provinciaux et municipaux ayant conclu des ententes de partage de données avec le gouvernement du Canada. Environ 50 % des refuges d'urgence au Canada ont été inclus dans cette analyse, ce qui représente environ 70 % des lits disponibles en refuge d'urgence. La méthodologie utilisée tient compte des personnes ayant recours à plus d'un refuge afin de s'assurer qu'elles ne sont dénombrées qu'une seule fois. Pour leur part, les refuges pour victimes de violence familiale, les refuges réservés aux immigrants et aux réfugiés, et les logements de transition y sont exclus en raison d’une couverture de données insuffisante » -- Introduction, page [1].
650 6|aItinérance|zCanada|vStatistiques.
650 6|aPersonnes sans-abri|zCanada|vStatistiques.
650 6|aPersonnes sans-abri|xLogement|zCanada|vStatistiques.
655 7|aStatistiques|2rvmgf
7101 |aCanada. |bLogement, infrastructures et collectivités Canada, |eorganisme de publication.
77508|tHomelessness data snapshot : |w(CaOODSP)9.954435
795 |tAperçu des données sur l’itinérance : |w(CaOODSP)9.944854
85640|qPDF|s554 Ko|uhttps://publications.gc.ca/collections/collection_2026/licc-hicc/T94-60-1-2025-fra.pdf
8564 |qHTML|sS.O.|uhttps://logement-infrastructure.canada.ca/homelessness-sans-abri/reports-rapports/data-shelter-2024-donnees-refuge-fra.html